Statistiques concernant Nom des affaires du jeu Ace Attorney Trilogy

Cliquez ici pour prendre le quiz!

Statistiques générales

  • Ce quiz a été pris 6 fois
  • Le résultat moyen est 8 sur 14

Statistiques - réponses

Réponse% Correct
La première volte-face
100%
La volte-face initiale
100%
La volte-face volée
100%
Le pont des volte-face
100%
Phœnix renaît de ses cendres
100%
Adieu ma volte-face
67%
La volte-face des soeurs
67%
Volte-face circus
67%
Adieux et volte-face
33%
La volte-face du Samouraï
33%
La volte-face perdue
33%
Recette de volte-face
33%
Réunion, et volte-face
0%
Souvenirs et volte-face
0%

Distribution des résultats

Percentile par nombre de réponses

% des personnes avec chaque résultat

Votre développement - résultats

Vous n’avez pas pris ce quiz